000 01648nab a22002537a 4500
999 _c6371
_d6371
003 OSt
005 20260131211136.0
008 190603e xxum|||| |||| 00| 0 spa d
040 _cPJ
100 _95502
_aBarocelli, Sergio Sebastián
245 1 0 _aDimensión colectiva del derecho del consumidor /
_cSergio Sebastián Barocelli.
260 _cCiudad Autónoma de Buenos Aires :
_aThomson Reuters La Ley,
_b2025.
300 _ap. 297-308
500 _aCita: TR LALEY AR/DOC/2862/2025 Publicado en: RCCyC 2025 (Diciembre).
505 _aSumario: I. Introducción.— II. Dimensión colectiva de la categoría jurídica "relación de consumo".— III. Dimensión colectiva del concepto de consumidor.— IV. Dimensión colectiva de la hipervulnerabilidad.— V. Dimensión colectiva del concepto de proveedor.— VI. Visibilización de una dimensión colectiva del orden público.— VII. Dimensión colectiva de los derechos de los consumidores.— VIII. Dimensión colectiva de las prácticas y cláusulas comerciales.— IX. Dimensión colectiva de las herramientas de tutela y mecanismos de implementación de los derechos de los consumidores.— X. A modo de conclusión.
505 _t¿Te interesa el texto completo? Solicitalo al correo: koha@justierradelfuego.gov.ar
650 0 _aDEFENSA DEL CONSUMIDOR
_92597
650 0 _aDERECHOS DEL CONSUMIDOR
_92608
650 0 _aORDEN PUBLICO
_9716
650 0 _aDAÑO PUNITIVO
_96424
650 0 _aACCION PREVENTIVA
773 0 _02713
_93170
_dCiudad Autónoma de Buenos Aires : Thomson Reuters La Ley, 2015-
_tRevista Código Civil y Comercial. Nº 6 - Diciembre 2025
942 _2udc
_cANA